Comparative study between different methods for detection and enumeration of pathogenic bacteria from aquatic environment / (Record no. 23194)
[ view plain ]
| 000 -LEADER | |
|---|---|
| fixed length control field | 01874nam a2200349 a 4500 |
| 003 - CONTROL NUMBER IDENTIFIER | |
| control field | EG-GiCUC |
| 005 - DATE AND TIME OF LATEST TRANSACTION | |
| control field | 20250223025912.0 |
| 008 - FIXED-LENGTH DATA ELEMENTS--GENERAL INFORMATION | |
| fixed length control field | 090721s2009 ua dh f m 000 0 eng d |
| 040 ## - CATALOGING SOURCE | |
| Original cataloging agency | EG-GiCUC |
| Language of cataloging | eng |
| Transcribing agency | EG-GiCUC |
| 041 0# - LANGUAGE CODE | |
| Language code of text/sound track or separate title | eng |
| 049 ## - LOCAL HOLDINGS (OCLC) | |
| Holding library | Deposite |
| 097 ## - Thesis Degree | |
| Thesis Level | M.Sc |
| 099 ## - LOCAL FREE-TEXT CALL NUMBER (OCLC) | |
| Classification number | Cai01.12.05.M.Sc.2009.Mo.C |
| 100 0# - MAIN ENTRY--PERSONAL NAME | |
| Personal name | Mohamed Azab Rashed Ellathy |
| 245 10 - TITLE STATEMENT | |
| Title | Comparative study between different methods for detection and enumeration of pathogenic bacteria from aquatic environment / |
| Statement of responsibility, etc. | Mohamed Azab Rashed Ellathy ; Supervised Tarek Abdelmawgoud Moussa , Gamila Elsayed Eltaweel |
| 246 15 - VARYING FORM OF TITLE | |
| Title proper/short title | دراسة مقارنة بين الطرق المختلفة لكشف وتقدير البكتيريا الممرضة فى البيئة المائية |
| 260 ## - PUBLICATION, DISTRIBUTION, ETC. | |
| Place of publication, distribution, etc. | Cairo : |
| Name of publisher, distributor, etc. | Mohamed Azab Rashed Ellathy , |
| Date of publication, distribution, etc. | 2009 |
| 300 ## - PHYSICAL DESCRIPTION | |
| Extent | 173Leavests : |
| Other physical details | charts , facsimiles ; |
| Dimensions | 30cm |
| 502 ## - DISSERTATION NOTE | |
| Dissertation note | Thesis (M.Sc.) - Cairo University - Faculty of Science - Department of Botany- Microbiology |
| 520 ## - SUMMARY, ETC. | |
| Summary, etc. | The main objective of this investigation was detection of some pathogenic bacteria in different water sources.The other objective were develop molecular approaches that could be used for rapid sensitive and specific monitoring of the three bacterial pathogens total vibrios Listeria group and salmonellae group directly and comparison between cultivation based methods(membrane filtration(MF)and multiple tube fermentation(MTF)techniques and rapid methods(PCR) |
| 530 ## - ADDITIONAL PHYSICAL FORM AVAILABLE NOTE | |
| Additional physical form available note | Issued also as CD |
| 653 #4 - INDEX TERM--UNCONTROLLED | |
| Uncontrolled term | River Nile water |
| 653 #4 - INDEX TERM--UNCONTROLLED | |
| Uncontrolled term | Qarun lake water |
| 653 #4 - INDEX TERM--UNCONTROLLED | |
| Uncontrolled term | Raw and treated wastewater |
| 700 0# - ADDED ENTRY--PERSONAL NAME | |
| Personal name | Gamila Elsayed Eltaweel , |
| Relator term | |
| 700 0# - ADDED ENTRY--PERSONAL NAME | |
| Personal name | Tarek Abdelmawgoud Moussa , |
| Relator term | |
| 856 ## - ELECTRONIC LOCATION AND ACCESS | |
| Uniform Resource Identifier | <a href="http://172.23.153.220/th.pdf">http://172.23.153.220/th.pdf</a> |
| 902 ## - LOCAL DATA ELEMENT B, LDB (RLIN) | |
| No. of Items | 1 |
| 905 ## - LOCAL DATA ELEMENT E, LDE (RLIN) | |
| Cataloger | Nazla |
| Reviser | Revisor |
| 905 ## - LOCAL DATA ELEMENT E, LDE (RLIN) | |
| Cataloger | Soheir |
| Reviser | Cataloger |
| 942 ## - ADDED ENTRY ELEMENTS (KOHA) | |
| Source of classification or shelving scheme | Dewey Decimal Classification |
| Koha item type | Thesis |
| Source of classification or shelving scheme | Not for loan | Home library | Current library | Date acquired | Full call number | Barcode | Date last seen | Koha item type | Copy number |
|---|---|---|---|---|---|---|---|---|---|
| Dewey Decimal Classification | المكتبة المركزبة الجديدة - جامعة القاهرة | قاعة الرسائل الجامعية - الدور الاول | 11.02.2024 | Cai01.12.05.M.Sc.2009.Mo.C | 01010110051262000 | 22.09.2023 | Thesis | ||
| Dewey Decimal Classification | المكتبة المركزبة الجديدة - جامعة القاهرة | مخـــزن الرســائل الجـــامعية - البدروم | 11.02.2024 | Cai01.12.05.M.Sc.2009.Mo.C | 01020110051262000 | 22.09.2023 | CD - Rom | 51262.CD |